000 00635nam a2200241Ia 4500
003 OSt
005 20220926044733.0
006 a|||||r|||| 00| 0
007 ta
008 220923b |||||||| |||| 00| 0 eng d
037 _cGeneral Book
040 _aRTL
_cRTL
_beng
041 _2eng
_aeng
082 _aX:99N,956:2N33, K5/GD/2/F
110 _aINDIA, FINANCE (Ministry of-)
245 0 _aRevised leave rules 1933.
250 _a3
260 _c1965
300 _a95 p
_ccm.
700 _aINDIA, FINANCE (Ministry of-)
942 _hX:99N,956:2N33, K5/GD/2/F
_cGB
_2CC
999 _c675646
_d675646